LEADER 00996naa a2200193 u 4500 001 000000103313 003 CaOOAMICUS 005 20070226130215.0 008 061106s1966 it u000 u ger u 035 $a11105514 040 $aIAR$bita 100 1 $aHödl, Ludwig.$0(OLS)http://pul/name/9853 245 10$aNaturphilosophie und Heilsbotschaft in Meister Eckharts Auslegung des Johannes-Evangeliums /$cLudwig Hödl. 260 $aMilano :$bSocietà editrice Vita e pensiero,$c[1966] 300 $ap. 641-651 ;$c24 cm 500 $aIAR: CF.175 773 0 $aCongrès international de philosophie médiévale.$tLa filosofia della natura nel Medioevo : atti del 3. Congresso internazionale di filosofia medioevale, Passo della Mendola (Trento) 31 agosto-5 settembre 1964$w()9030 996 $6245$aNaturphilosophie und Heilsbotschaft in Meister Eckharts Auslegung des Johannes-Evangeliums$9(OLS)http://pul/title/130220 996 $6260$aMilano :$bSocietà editrice Vita e pensiero$9(OLS)http://pul/publisher/49967 LEADER 01219nam a2200253 u 4500 001 000000048226 003 CaOOAMICUS 005 20070226114956.0 008 000413s1984 it u000 u ita u 035 $a10845709 040 $aPUL$bita 111 2 $aConvegno del Centro di studi filosofici$n(38 :$d1983 :$cGallarate).$0(OLS)http://pul/name/35008 245 10$aMetafore dell'invisibile :$bricerche sull'analogia : contributi al XXXVIII Convegno del Centro di studi filosofici di Gallarate aprile 1983. 260 $aBrescia :$bMorcelliana,$c1984. 300 $a292 p. ;$c24 cm 504 $aBibliografia in nota. 650 4$aAnalogia (filosofia).$0(OLS)http://pul/subject/20338 650 4$aFilosofia$ySec. XX$vCongressi.$0(OLS)http://pul/subject/20336 850 $aPUL 852 $aPUL$W1$xSL Filosofia 1$y2$m97 M 38$j64309$nBK-PRI$b $qStampati$B64309$CPULBib$Z2$F64309 $H $81 941 1 $a8 961 $aINV: 81480 996 $6245$aMetafore dell'invisibile :$bricerche sull'analogia : contributi al XXXVIII Convegno del Centro di studi filosofici di Gallarate aprile 1983$9(OLS)http://pul/title/64935 996 $6260$aBrescia :$bMorcelliana$9(OLS)http://pul/publisher/47854